000 00185 a2200097 4500
020 _a9788415343240
041 _aspa
100 _a Macri,Thomas
245 _aLos Vengadores
942 _cBK
999 _c10424
_d10424